Statistiken für Bilder nach Buchstabe - F

Klicken Sie hier um das Quiz zu spielen!

Allgemein

  • Dieses Quiz wurde 1,669 mal gespielt
  • Das Durchschnittsergebnis liegt bei 11 aus 16

Antwortstatistiken

Answer % Korrekt
Ferarri
98%
Finnland
98%
Falke
95%
Fingerabdruck
95%
Fee
94%
Fondue
85%
Feige
84%
Fuji
70%
Florenz
66%
Floh
63%
Freud
51%
Fez
50%
Fabergé
45%
Fedora
28%
Flan
25%
Fraktal
16%

Verteilung der Resultate

Perzentil nach korrekt beantworteten Fragen

Anzahl Personen mit jedem Resultat

Ihre Resultats-Entwicklung

Sie haben dieses Quiz noch nicht gespielt